[Event "SWE-chT 1920 Superettan"]
[Site "Sweden"]
[Date "2020.10.17"]
[Round "8"]
[White "Lindgren, Fredrik"]
[Black "Petersson, Baldur Teodor"]
[Result "1/2-1/2"]
[WhiteElo "2262"]
[BlackElo "2247"]
[PlyCount "68"]
[EventDate "2019.10.18"]
[EventType "team-tourn"]
[EventRounds "9"]
[EventCountry "SWE"]
[SourceTitle "EXT 2023"]
[Source "ChessBase"]
[SourceDate "2022.10.05"]
[SourceVersion "1"]
[SourceVersionDate "2022.10.05"]
[SourceQuality "1"]
[WhiteTeam "Umea Rockaden"]
[BlackTeam "Vasteras II"]
[WhiteTeamCountry "SWE"]
[BlackTeamCountry "SWE"]

1. d4 Nf6 2. Nf3 g6 3. c4 Bg7 4. Nc3 0-0 5. e4 d6 6. Be2 e5 7. Be3 Nbd7 8. 0-0 Re8 9. d5 Nh5 10. g3 Bf8 11. b4 a5 12. a3 Ng7 13. Ne1 f5 14. f3 Be7 15. Nd3 Rf8 16. c5 axb4 17. axb4 Rxa1 18. Qxa1 Nf6 19. cxd6 cxd6 20. Qa5 Qxa5 21. bxa5 fxe4 22. fxe4 Bd8 23. Ra1 Bg4 24. Nf2 Bxe2 25. Nxe2 Bc7 26. Nc3 Ra8 27. Nb5 Nge8 28. Nxc7 Nxc7 29. Rc1 Nb5 30. Kg2 Rxa5 31. Rc8+ Kf7 32. Rb8 Nc3 33. Rxb7+ Ke8 34. Bd2 Rb5 1/2-1/2

[Event "Deltalift op"]
[Site "Tylosand"]
[Date "2019.06.01"]
[Round "8"]
[White "Lindgren, Fredrik"]
[Black "Crevatin, Leo"]
[Result "0-1"]
[WhiteElo "2278"]
[BlackElo "2210"]
[PlyCount "130"]
[EventDate "2019.05.30"]
[EventType "swiss"]
[EventRounds "8"]
[EventCountry "SWE"]
[SourceTitle "CBM 190 Extra"]
[Source "ChessBase"]
[SourceDate "2019.07.15"]
[SourceVersion "1"]
[SourceVersionDate "2019.07.15"]
[SourceQuality "1"]

1. d4 d5 2. Nf3 Nf6 3. g3 c6 4. Bg2 Bf5 5. 0-0 h6 6. Nbd2 e6 7. c4 Bd6 8. b3 Nbd7 9. Bb2 Qc7 10. Rc1 0-0 11. Re1 Bh7 12. e3 Rfe8 13. Qe2 a5 14. Red1 a4 15. c5 Bf8 16. b4 a3 17. Bc3 b6 18. Nb3 bxc5 19. bxc5 Ne4 20. Qe1 Reb8 21. Bf1 Bg6 22. Be2 Be7 23. Kg2 Bf6 24. Ng1 e5 25. f3 Nxc3 26. Qxc3 exd4 27. exd4 Nf8 28. Bd3 Bxd3 29. Qxd3 Ne6 30. f4 Ra4 31. Nf3 Rbb4 32. Qe3 g6 33. f5 gxf5 34. Qxh6 Bg7 35. Qh5 Qf4 36. Re1 Qg4 37. Qh4 Qxh4 38. Nxh4 Nxd4 39. Re8+ Kh7 40. Nxd4 Rxd4 41. Nxf5 Rd2+ 42. Kh3 Rxa2 43. Nxg7 Kxg7 44. Rf1 Re4 45. Ra8 Ree2 46. Kg4 Rxh2 47. Rf5 Rh6 48. Rg5+ Rg6 49. Rxg6+ Kxg6 50. Ra6 Rc2 51. Rxc6+ f6 52. Ra6 Rxc5 53. Rxa3 Rc4+ 54. Kf3 Kf5 55. Rb3 Ke5 56. Ra3 Rc6 57. g4 Rd6 58. Re3+ Kd4 59. Kf4 Kc4 60. Re8 d4 61. Ke4 d3 62. Rc8+ Kb3 63. Ke3 d2 64. Rb8+ Ka4 65. Ra8+ Kb5 0-1

[Event "Deltalift op"]
[Site "Tylosand"]
[Date "2019.05.31"]
[Round "5"]
[White "Cramling Bellon, Anna"]
[Black "Lindgren, Fredrik"]
[Result "1/2-1/2"]
[WhiteElo "1990"]
[BlackElo "2278"]
[PlyCount "177"]
[EventDate "2019.05.30"]
[EventType "swiss"]
[EventRounds "8"]
[EventCountry "SWE"]
[SourceTitle "CBM 190 Extra"]
[Source "ChessBase"]
[SourceDate "2019.07.15"]
[SourceVersion "1"]
[SourceVersionDate "2019.07.15"]
[SourceQuality "1"]

1. d4 Nf6 2. c4 c5 3. d5 a6 4. e3 e6 5. dxe6 fxe6 6. Nc3 d5 7. Nf3 Nc6 8. Bd3 Bd6 9. 0-0 Bc7 10. cxd5 exd5 11. e4 c4 12. exd5 cxd3 13. dxc6 bxc6 14. Re1+ Kf8 15. Ne5 Qd4 16. Nxd3 Bg4 17. Nf4 Qc4 18. Qb3 Qxb3 19. axb3 Kf7 20. Nd3 Rhb8 21. Nc5 Bd6 22. N3e4 Nxe4 23. Nxe4 Be7 24. Bd2 Rxb3 25. Bc3 Rb5 26. h3 Be6 27. Ra4 Bd5 28. Nd2 Bf6 29. Rf4 Re8 30. Rxe8 Kxe8 31. Nc4 Ke7 32. Ne3 Be6 33. Bxf6+ gxf6 34. b4 h5 35. Nc2 Rf5 36. Re4 Re5 37. Rf4 Re2 38. Nd4 Re1+ 39. Kh2 Bd5 40. Nf5+ Kf7 41. Ne3 Be6 42. Kg3 Rc1 43. Kh4 c5 44. Kxh5 c4 45. Ng4 Kg7 46. Nxf6 Bf7+ 47. Kg5 c3 48. Ng4 Rg1 49. Ne3 Rxg2+ 50. Kh4 Rh2 51. Kg3 Rh1 52. Kg2 Rb1 53. Rd4 Rb2 54. Rd6 Rxb4 55. Rxa6 Re4 56. Ra3 c2 57. Nxc2 Bd5 58. Kg3 Re6 59. Ra7+ Kh6 60. Ne3 Be4 61. Ng4+ Kg6 62. Ra5 Bf5 63. Ne3 Be4 64. Ng2 Bxg2 65. Kxg2 Rb6 66. Kg3 Rc6 67. f4 Rb6 68. Kg4 Rc6 69. h4 Rb6 70. Rg5+ Kh6 71. h5 Ra6 72. Re5 Rb6 73. Re8 Ra6 74. Rh8+ Kg7 75. Re8 Kh6 76. Kf5 Ra4 77. Re7 Rb4 78. Re1 Rb8 79. Re5 Kxh5 80. Ke6+ Kg6 81. f5+ Kg7 82. f6+ Kf8 83. Rd5 Re8+ 84. Kf5 Re1 85. Rd6 Rf1+ 86. Ke6 Re1+ 87. Kd7 Kf7 88. Kd8 Re6 89. Rxe6 1/2-1/2

[Event "Deltalift op"]
[Site "Tylosand"]
[Date "2019.05.31"]
[Round "6"]
[White "Lindgren, Fredrik"]
[Black "Holm, Ragnar"]
[Result "1/2-1/2"]
[WhiteElo "2278"]
[BlackElo "2124"]
[PlyCount "82"]
[EventDate "2019.05.30"]
[EventType "swiss"]
[EventRounds "8"]
[EventCountry "SWE"]
[SourceTitle "CBM 190 Extra"]
[Source "ChessBase"]
[SourceDate "2019.07.15"]
[SourceVersion "1"]
[SourceVersionDate "2019.07.15"]
[SourceQuality "1"]

1. d4 d5 2. Nf3 Nf6 3. c4 e6 4. g3 c5 5. Bg2 Nc6 6. 0-0 cxd4 7. Nxd4 Be7 8. cxd5 exd5 9. Nc3 0-0 10. b3 Re8 11. Bb2 Bg4 12. h3 Be6 13. Rc1 Qd7 14. Kh2 Rac8 15. Na4 b6 16. e3 Ne4 17. Nxc6 Rxc6 18. Rxc6 Qxc6 19. Qa1 f6 20. Rc1 Qd7 21. Rc2 h5 22. h4 Rc8 23. Qd1 Rxc2 24. Qxc2 Bf5 25. Qe2 g6 26. Nc3 Nxc3 27. Bxc3 Qc6 28. Qd2 Be4 29. Bxe4 dxe4 30. Qd4 Kf7 31. b4 a6 32. a3 b5 33. Kg2 Qe6 34. Bb2 Qb3 35. Kg1 Qe6 36. Kg2 Qb3 37. Kg1 Qe6 38. Kh2 Qb3 39. Kg2 Qe6 40. f3 exf3+ 41. Kxf3 Qf5+ 1/2-1/2

[Event "Deltalift op"]
[Site "Tylosand"]
[Date "2019.05.30"]
[Round "4"]
[White "Lindgren, Fredrik"]
[Black "Wahlund, Max"]
[Result "1-0"]
[WhiteElo "2278"]
[BlackElo "2088"]
[PlyCount "71"]
[EventDate "2019.05.30"]
[EventType "swiss"]
[EventRounds "8"]
[EventCountry "SWE"]
[SourceTitle "CBM 190 Extra"]
[Source "ChessBase"]
[SourceDate "2019.07.15"]
[SourceVersion "1"]
[SourceVersionDate "2019.07.15"]
[SourceQuality "1"]

1. d4 Nf6 2. Nf3 g6 3. c4 Bg7 4. Nc3 c5 5. d5 0-0 6. h3 d6 7. Bf4 a6 8. a4 Qa5 9. Bd2 Qc7 10. e4 e6 11. dxe6 Bxe6 12. Bd3 Nc6 13. 0-0 Nb4 14. Bf4 Nh5 15. Bh2 Bh6 16. Ne2 Qd7 17. Ra3 g5 18. Kh1 Nf4 19. Nxf4 gxf4 20. Qc1 Qe7 21. g4 fxg3 22. Qxh6 Nxd3 23. Rxd3 gxh2 24. Ng5 f6 25. Nxe6 Qxe6 26. Rg3+ Kf7 27. Qxh7+ Ke8 28. Qxb7 Rd8 29. Kxh2 Qxc4 30. Qc6+ Kf7 31. Rfg1 Ke6 32. f4 Rh8 33. R1g2 Qd4 34. Qb7 Rhe8 35. Rg7 Rb8 36. Qf7# 1-0

[Event "Deltalift op"]
[Site "Tylosand"]
[Date "2019.05.30"]
[Round "1"]
[White "Wiklund, Johan"]
[Black "Lindgren, Fredrik"]
[Result "0-1"]
[WhiteElo "1902"]
[BlackElo "2278"]
[PlyCount "80"]
[EventDate "2019.05.30"]
[EventType "swiss"]
[EventRounds "8"]
[EventCountry "SWE"]
[SourceTitle "CBM 190 Extra"]
[Source "ChessBase"]
[SourceDate "2019.07.15"]
[SourceVersion "1"]
[SourceVersionDate "2019.07.15"]
[SourceQuality "1"]

1. Nf3 d5 2. d4 Nf6 3. c4 g6 4. Bf4 Bg7 5. h3 0-0 6. e3 c5 7. Nc3 cxd4 8. exd4 Nc6 9. Be2 dxc4 10. Bxc4 b6 11. 0-0 Bb7 12. Re1 Rc8 13. Be2 Nd5 14. Bg3 Nxc3 15. bxc3 Na5 16. Rc1 Qd5 17. Qa4 Bh6 18. c4 Qd8 19. Rcd1 Qe8 20. Qb4 Qd8 21. d5 Re8 22. Nd4 Bf8 23. Qa4 Bg7 24. Bf1 Rc5 25. Bd6 Qxd6 26. Qxe8+ Bf8 27. Nb5 Qf6 28. d6 exd6 29. Rxd6 Qg7 30. Nd4 Rc8 31. Rd8 Rxd8 32. Qxd8 Nc6 33. Nxc6 Bxc6 34. Qc7 Qf6 35. Qxa7 Bc5 36. Qb8+ Kg7 37. Qg3 Bd4 38. a3 h5 39. Rd1 h4 40. Qg4 Qxf2+ 0-1

[Event "SWE-chT 1819 Elite"]
[Site "Sweden"]
[Date "2019.03.10"]
[Round "5"]
[White "Lindgren, Fredrik"]
[Black "Neiksans, Arturs"]
[Result "0-1"]
[WhiteElo "2269"]
[BlackElo "2553"]
[PlyCount "138"]
[EventDate "2018.11.09"]
[EventType "team-tourn"]
[EventRounds "9"]
[EventCountry "SWE"]
[SourceTitle "EXT 2021"]
[Source "ChessBase"]
[SourceDate "2020.10.23"]
[SourceVersion "1"]
[SourceVersionDate "2020.10.23"]
[SourceQuality "1"]
[WhiteTeam "Umea Rockaden"]
[BlackTeam "Stockholm Rockaden"]
[WhiteTeamCountry "SWE"]
[BlackTeamCountry "SWE"]

1. d4 f5 2. g3 Nf6 3. Bg2 g6 4. c4 Bg7 5. Nc3 0-0 6. Nh3 d6 7. d5 Nbd7 8. 0-0 Nc5 9. Be3 e5 10. dxe6 Nxe6 11. Ng5 c6 12. Nxe6 Bxe6 13. c5 Ng4 14. Bd4 dxc5 15. Bxc5 Re8 16. h3 Qa5 17. hxg4 Qxc5 18. gxf5 Qxf5 19. Qa4 a5 20. Rad1 Re7 21. Qa3 Bf8 22. b3 Qe5 23. Qc1 Bg7 24. Rd3 Rf8 25. Re3 Qc7 26. Rf3 Rd8 27. Rd1 Rxd1+ 28. Nxd1 Bf7 29. Ne3 Qd7 30. Qc2 Qe8 31. Bf1 Rd7 32. Ng4 Qd8 33. Kh2 Rd2 34. Rd3 Qxd3 35. Qxd3 Rxd3 36. exd3 a4 37. bxa4 Bxa2 38. Bg2 Bc3 39. a5 Bxa5 40. Nf6+ Kh8 41. d4 Bc3 42. d5 Bxf6 43. dxc6 bxc6 44. Bxc6 Kg7 45. f4 Be6 46. Bf3 h5 47. Kg2 Kf7 48. Be4 Bf5 49. Bd5+ Ke7 50. Kf3 Kd6 51. Bf7 Kc5 52. Ke3 Bb2 53. Be8 Bc1+ 54. Kf3 Kd4 55. Bc6 Kd3 56. Bb5+ Kd2 57. Kf2 Be4 58. Bc4 Ba3 59. Kg1 Ke3 60. Kh2 Kf2 61. Be6 Bf5 62. Bd5 Bd6 63. Bc6 h4 64. gxh4 Bxf4+ 65. Kh1 Bg4 66. Be4 Bf3+ 67. Bxf3 Kxf3 68. h5 g5 69. h6 Be5 0-1

[Event "SWE-chT 1718 Superettan"]
[Site "Sweden"]
[Date "2018.02.03"]
[Round "5"]
[White "Persson, Mats"]
[Black "Lindgren, Fredrik"]
[Result "0-1"]
[WhiteElo "2299"]
[BlackElo "2244"]
[PlyCount "90"]
[EventDate "2017.10.20"]
[EventType "team-tourn"]
[EventRounds "9"]
[EventCountry "SWE"]
[SourceTitle "EXT 2019"]
[Source "ChessBase"]
[SourceDate "2018.10.10"]
[SourceVersion "1"]
[SourceVersionDate "2018.10.10"]
[SourceQuality "1"]
[WhiteTeam "Burgsvik Alva"]
[BlackTeam "Umea Rockaden"]
[WhiteTeamCountry "SWE"]
[BlackTeamCountry "SWE"]

1. e4 d6 2. d4 Nc6 3. d5 Nb8 4. c4 g6 5. Nf3 Bg7 6. Be2 Nf6 7. Nc3 0-0 8. h3 a5 9. 0-0 Nfd7 10. Nd4 Nc5 11. Be3 e5 12. dxe6 fxe6 13. Qc2 Nc6 14. Nxc6 bxc6 15. Rad1 Qh4 16. Bxc5 dxc5 17. Rd3 Bd4 18. Bf3 e5 19. Ne2 h5 20. Nxd4 cxd4 21. Ra3 Rf7 22. Qd2 c5 23. Qh6 Ra6 24. Rb3 Rh7 25. Qd2 Rf7 26. Rb8 Rf8 27. Qh6 Qf6 28. Be2 Rb6 29. Rxb6 cxb6 30. Bd3 Qg7 31. Qxg7+ Kxg7 32. h4 Kh6 33. Rd1 g5 34. hxg5+ Kxg5 35. Bc2 Be6 36. b3 h4 37. Rd3 Bg4 38. Kf1 Rh8 39. Ke1 h3 40. gxh3 Rxh3 41. Rxh3 Bxh3 42. f3 Kf4 43. Kf2 Be6 44. Bd3 Bf7 45. Bf1 Bh5 0-1

[Event "SWE-chT 1718 Superettan"]
[Site "Sweden"]
[Date "2017.10.20"]
[Round "1"]
[White "Lindgren, Fredrik"]
[Black "Hamark, Jesper"]
[Result "0-1"]
[WhiteElo "2244"]
[BlackElo "2328"]
[PlyCount "138"]
[EventDate "2017.10.20"]
[EventType "team-tourn"]
[EventRounds "9"]
[EventCountry "SWE"]
[SourceTitle "EXT 2019"]
[Source "ChessBase"]
[SourceDate "2018.10.10"]
[SourceVersion "1"]
[SourceVersionDate "2018.10.10"]
[SourceQuality "1"]
[WhiteTeam "Umea Rockaden"]
[BlackTeam "Kamraterna"]
[WhiteTeamCountry "SWE"]
[BlackTeamCountry "SWE"]

1. Nf3 Nf6 2. g3 g6 3. Bg2 Bg7 4. 0-0 0-0 5. d4 d6 6. Bg5 c6 7. Qc1 Nbd7 8. Bh6 e5 9. dxe5 dxe5 10. Nc3 Qe7 11. Qg5 Re8 12. Rad1 Nf8 13. a3 Bf5 14. Bxg7 Kxg7 15. Qc1 h6 16. Nd2 Rad8 17. Nc4 Qc5 18. Ne3 Be6 19. Rxd8 Rxd8 20. Rd1 Rd4 21. Nb1 N8d7 22. c3 Rxd1+ 23. Qxd1 Nd5 24. Nf1 N7f6 25. Nbd2 Nb6 26. Ne3 Nfd5 27. Ndf1 a5 28. Qd3 a4 29. Nd1 Nc4 30. Qc2 Ndb6 31. Nd2 Nxd2 32. Qxd2 Nc4 33. Qc2 Qb5 34. Bf1 Nb6 35. e4 Bc4 36. Bxc4 Nxc4 37. Kg2 Qb3 38. Qe2 b5 39. h4 h5 40. Kh2 Qa2 41. g4 hxg4 42. Qxg4 Nxb2 43. Qe2 Qxa3 44. Nxb2 Qa2 45. h5 a3 46. h6+ Kh7 47. Qf3 Qe6 48. Nd3 a2 49. Nc5 Qe7 50. Nb3 Kxh6 51. Qe3+ Kg7 52. Na1 Qa3 53. Kg2 Kg8 54. Qg3 Qd6 55. Qg5 c5 56. Qg4 Kg7 57. Qe2 Qe6 58. f3 b4 59. cxb4 cxb4 60. Qb2 b3 61. Qxb3 Qxb3 62. Nxb3 f5 63. Kg3 Kf6 64. Kh4 g5+ 65. Kh5 g4 66. fxg4 fxe4 67. Kh6 e3 68. g5+ Kf5 69. g6 e2 0-1

[Event "SWE-chT 1617"]
[Site "Sweden"]
[Date "2017.03.24"]
[Round "7.5"]
[White "Hjelm, Niclas"]
[Black "Lindgren, Fredrik"]
[Result "1/2-1/2"]
[WhiteElo "2355"]
[BlackElo "2232"]
[PlyCount "97"]
[EventDate "2016.10.14"]
[EventType "team-tourn"]
[EventRounds "9"]
[EventCountry "SWE"]
[SourceTitle "CBM 177 Extra"]
[Source "ChessBase"]
[SourceDate "2017.04.27"]
[SourceVersion "1"]
[SourceVersionDate "2017.04.27"]
[SourceQuality "1"]
[WhiteTeam "Farsta"]
[BlackTeam "Umea Rockaden"]
[WhiteTeamCountry "SWE"]
[BlackTeamCountry "SWE"]

1. d4 d6 2. Nf3 g6 3. e4 Bg7 4. Bc4 Nc6 5. c3 Nf6 6. Qe2 e5 7. dxe5 Nxe5 8. Nxe5 dxe5 9. 0-0 0-0 10. a4 Qe7 11. Na3 Bg4 12. f3 Be6 13. Be3 Rfd8 14. a5 Ne8 15. Rfd1 Nd6 16. Bd5 c6 17. Bxe6 Qxe6 18. Rd2 Bf8 19. Rad1 Re8 20. Qf2 a6 21. h3 Nb5 22. Nxb5 axb5 23. Bb6 b4 24. Rd7 bxc3 25. bxc3 Re7 26. R7d3 Qc4 27. Qe3 Ree8 28. Kh1 Kg7 29. Rd7 Re7 30. Rxe7 Bxe7 31. Qd3 Qa4 32. Qd7 Bh4 33. Rg1 Rxa5 34. Bxa5 Qxa5 35. Qxb7 Qxc3 36. Qb1 Bg5 37. Qa1 Qc5 38. Re1 Bd2 39. Re2 Be3 40. Rxe3 Qxe3 41. Qxe5+ Kh6 42. Qf6 Qc1+ 43. Kh2 Qc4 44. g4 Qe2+ 45. Kg3 Qe1+ 46. Kg2 Qe2+ 47. Kg3 Qe1+ 48. Kg2 Qe2+ 49. Kg3 1/2-1/2

[Event "SWE-chT 1415 Superettan"]
[Site "Sweden"]
[Date "2015.03.21"]
[Round "8"]
[White "Lindgren, Fredrik"]
[Black "Nurmi, Tommy"]
[Result "1/2-1/2"]
[WhiteElo "2233"]
[BlackElo "2061"]
[PlyCount "43"]
[EventDate "2014.11.21"]
[EventType "team-tourn"]
[EventRounds "9"]
[EventCountry "SWE"]
[SourceTitle "EXT 2018"]
[Source "ChessBase"]
[SourceDate "2017.10.13"]
[SourceVersion "1"]
[SourceVersionDate "2017.10.13"]
[SourceQuality "1"]
[WhiteTeam "Umea Rockaden"]
[BlackTeam "Limhamn II"]
[WhiteTeamCountry "SWE"]
[BlackTeamCountry "SWE"]

1. d4 d5 2. Nf3 e6 3. g3 f5 4. Bg2 Nf6 5. 0-0 Bd6 6. b3 0-0 7. Ba3 Bxa3 8. Nxa3 Qe7 9. Qc1 c6 10. c4 Bd7 11. Qb2 Be8 12. Rfe1 Nbd7 13. Rac1 Bh5 14. b4 a6 15. c5 Rae8 16. Nc2 Ne4 17. b5 axb5 18. a4 f4 19. axb5 Qf6 20. bxc6 bxc6 21. Qb7 Nb8 22. Qc7 1/2-1/2

[Event "SWE-chT 1415 Superettan"]
[Site "Sweden"]
[Date "2014.11.21"]
[Round "1"]
[White "Lindgren, Fredrik"]
[Black "Madebrink, Lars"]
[Result "1-0"]
[WhiteElo "2233"]
[BlackElo "2178"]
[PlyCount "67"]
[EventDate "2014.11.21"]
[EventType "team-tourn"]
[EventRounds "9"]
[EventCountry "SWE"]
[SourceTitle "EXT 2018"]
[Source "ChessBase"]
[SourceDate "2017.10.13"]
[SourceVersion "1"]
[SourceVersionDate "2017.10.13"]
[SourceQuality "1"]
[WhiteTeam "Umea Rockaden"]
[BlackTeam "Kamraterna"]
[WhiteTeamCountry "SWE"]
[BlackTeamCountry "SWE"]

1. d4 Nf6 2. Nf3 g6 3. c4 Bg7 4. Nc3 0-0 5. e4 d6 6. Be2 e5 7. Be3 Nbd7 8. d5 Nc5 9. Nd2 a5 10. a3 Nfd7 11. b4 axb4 12. axb4 Rxa1 13. Qxa1 Na6 14. Qa3 f5 15. 0-0 Qh4 16. f3 Bh6 17. Bf2 Qe7 18. Nb3 Nf6 19. b5 Nb8 20. c5 fxe4 21. fxe4 Bg4 22. Bc4 Nbd7 23. h3 b6 24. c6 Nc5 25. Nxc5 bxc5 26. hxg4 Nxg4 27. Nd1 Qg5 28. Qh3 Nxf2 29. Rxf2 Rxf2 30. Nxf2 Qc1+ 31. Bf1 Be3 32. Qc8+ Kg7 33. Qxc7+ Kh6 34. Qf7 1-0

[Event "SWE-chT2 1314"]
[Site "Sweden"]
[Date "2014.03.07"]
[Round "7"]
[White "Lindgren, Fredrik"]
[Black "Nilsson, Patrik1"]
[Result "1-0"]
[WhiteElo "2222"]
[BlackElo "2076"]
[PlyCount "113"]
[EventDate "2013.11.22"]
[EventType "team-tourn"]
[EventRounds "9"]
[EventCountry "SWE"]
[SourceTitle "EXT 2015"]
[Source "ChessBase"]
[SourceDate "2014.11.20"]
[SourceVersion "1"]
[SourceVersionDate "2014.11.20"]
[SourceQuality "1"]
[WhiteTeam "Umea Rockaden"]
[BlackTeam "Limhamn II"]
[WhiteTeamCountry "SWE"]
[BlackTeamCountry "SWE"]

1. d4 Nf6 2. Nf3 g6 3. c4 Bg7 4. Nc3 0-0 5. e4 d6 6. Be2 e5 7. Be3 exd4 8. Nxd4 Re8 9. f3 c6 10. Nc2 Na6 11. Qd2 Nc7 12. Rd1 d5 13. cxd5 cxd5 14. 0-0 Be6 15. e5 Nd7 16. f4 f6 17. Bf3 fxe5 18. Nxd5 Kh8 19. Nc3 Qc8 20. Ne4 Nb6 21. Bxb6 axb6 22. Nd6 Qb8 23. Bxb7 Rf8 24. Bxa8 Qxa8 25. fxe5 Bxe5 26. Rxf8+ Qxf8 27. Qe3 Qf4 28. Qxf4 Bxf4 29. b3 Nd5 30. Re1 Bg8 31. Nc4 b5 32. N4a3 Nc3 33. Re8 Kg7 34. Re7+ Kf6 35. Rb7 Bd5 36. Rb6+ Be6 37. Nxb5 Nd5 38. Ra6 Ke5 39. Nbd4 Bd7 40. Nf3+ Ke4 41. Ra7 Bb5 42. Rxh7 Bd3 43. Nce1 Bb1 44. g3 Be3+ 45. Kg2 Bxa2 46. Rg7 Bxb3 47. Rxg6 Kf5 48. Nh4+ Ke5 49. Nef3+ Ke4 50. Rg4+ Kd3 51. Nf5 Bc5 52. Ne5+ Kc3 53. h4 Bb6 54. Rg6 Kd2 55. h5 Bc2 56. Nc4+ Ke2 57. Nxb6 1-0

[Event "Riga Tech op 3rd"]
[Site "Riga"]
[Date "2013.08.05"]
[Round "1"]
[White "Lindgren, Fredrik"]
[Black "Miezis, Normunds"]
[Result "0-1"]
[WhiteElo "2221"]
[BlackElo "2557"]
[PlyCount "79"]
[EventDate "2013.08.05"]
[EventType "swiss"]
[EventRounds "9"]
[EventCountry "LAT"]
[SourceTitle "CBM 155 Extra"]
[Source "ChessBase"]
[SourceDate "2013.08.26"]
[SourceVersion "1"]
[SourceVersionDate "2013.08.26"]
[SourceQuality "1"]

1. d4 Nf6 2. Nf3 e6 3. g3 b5 4. Bg2 Bb7 5. 0-0 c5 6. c3 Na6 7. Nbd2 Be7 8. a4 b4 9. c4 cxd4 10. Nxd4 Bxg2 11. Kxg2 Nc5 12. f3 0-0 13. N2b3 Rc8 14. Nxc5 Rxc5 15. Qb3 d5 16. cxd5 Qxd5 17. Qxd5 Rxd5 18. Nc6 Bc5 19. Bf4 Rc8 20. Ne5 Bd6 21. Rac1 Rxc1 22. Rxc1 g5 23. e4 gxf4 24. exd5 Bxe5 25. Rc8+ Kg7 26. dxe6 fxe6 27. gxf4 Bxf4 28. b3 Nd5 29. Ra8 Be3 30. Kf1 Bd4 31. Ke2 Nf4+ 32. Kd2 h5 33. Rb8 Bb6 34. a5 Bxa5 35. Rb7+ Kf6 36. Rxa7 Bb6 37. Rb7 Nd5 38. Kd3 Bc7 39. h3 Kf5 40. Kc4 0-1

[Event "SWE-chT 1213"]
[Site "Sweden"]
[Date "2012.10.05"]
[Round "1"]
[White "Lindgren, Fredrik"]
[Black "Nilsson, Sebastian"]
[Result "1-0"]
[WhiteElo "2195"]
[BlackElo "2330"]
[PlyCount "69"]
[EventDate "2012.10.05"]
[EventType "team-tourn"]
[EventRounds "9"]
[EventCountry "SWE"]
[SourceTitle "EXT 2014"]
[Source "ChessBase"]
[SourceDate "2013.11.20"]
[SourceVersion "1"]
[SourceVersionDate "2013.11.20"]
[SourceQuality "1"]
[WhiteTeam "Umea Rockaden"]
[BlackTeam "LASK"]
[WhiteTeamCountry "SWE"]
[BlackTeamCountry "SWE"]

1. d4 Nf6 2. Nf3 g6 3. g3 Bg7 4. Bg2 0-0 5. 0-0 d6 6. b3 c5 7. Bb2 Ne4 8. Nc3 Nxc3 9. Bxc3 Nc6 10. Qd2 cxd4 11. Nxd4 Nxd4 12. Bxd4 Bxd4 13. Qxd4 Qc7 14. c4 Bd7 15. Rac1 Rfc8 16. Rfd1 Bc6 17. h4 Qa5 18. a4 Bxg2 19. Kxg2 Rc7 20. Rd3 Qh5 21. Rf3 Qh6 22. Rh1 Qg7 23. Qe4 h6 24. Rd1 h5 25. Rd5 Re8 26. Rg5 b6 27. g4 hxg4 28. Rxg4 Qh7 29. Rfg3 e6 30. Rg5 Rc5 31. Qg4 Kf8 32. h5 gxh5 33. Rg8+ Ke7 34. Qh4+ f6 35. R8g7+ 1-0

[Event "SWE-chT 1112"]
[Site "Sweden"]
[Date "2012.03.10"]
[Round "8"]
[White "Lindgren, Fredrik"]
[Black "Janse, Rasmus"]
[Result "0-1"]
[WhiteElo "2193"]
[BlackElo "2175"]
[PlyCount "90"]
[EventDate "2011.10.07"]
[EventType "team-tourn"]
[EventRounds "9"]
[EventCountry "SWE"]
[SourceTitle "EXT 2013"]
[Source "ChessBase"]
[SourceDate "2012.11.22"]
[SourceVersion "1"]
[SourceVersionDate "2012.11.22"]
[SourceQuality "1"]
[WhiteTeam "Umea Rockaden"]
[BlackTeam "Vasteras"]
[WhiteTeamCountry "SWE"]
[BlackTeamCountry "SWE"]

1. d4 g6 2. c4 Bg7 3. Nc3 d6 4. e4 Nc6 5. Be3 e5 6. Nge2 Nf6 7. f3 0-0 8. Qd2 a6 9. d5 Ne7 10. g4 h5 11. gxh5 Nxh5 12. Ng3 f5 13. Nxh5 gxh5 14. Rg1 Kh7 15. Bg5 Rg8 16. Bh3 f4 17. Bxc8 Rxc8 18. Qf2 Bh6 19. Qh4 Qe8 20. Kf2 Bxg5 21. Rxg5 Rxg5 22. Qxg5 Qf7 23. Rg1 c6 24. Qh4 cxd5 25. Rg5 Kh6 26. cxd5 b5 27. a3 Rc5 28. Rg1 a5 29. Qh3 b4 30. axb4 axb4 31. Ne2 Ng6 32. Qe6 Qxe6 33. dxe6 Ne7 34. Rd1 Rc6 35. Rg1 d5 36. exd5 Nxd5 37. Rd1 Ne3 38. Rd7 Rxe6 39. Rb7 Nd1+ 40. Kf1 Ne3+ 41. Kf2 Nd1+ 42. Kf1 Rg6 43. Rb5 Ne3+ 44. Ke1 Rd6 45. Kf2 Rd1 0-1

[Event "SWE-chT 1112"]
[Site "Sweden"]
[Date "2012.01.15"]
[Round "6"]
[White "Lindgren, Fredrik"]
[Black "Engqvist, Thomas"]
[Result "1/2-1/2"]
[WhiteElo "2193"]
[BlackElo "2353"]
[PlyCount "114"]
[EventDate "2011.10.07"]
[EventType "team-tourn"]
[EventRounds "9"]
[EventCountry "SWE"]
[SourceTitle "EXT 2013"]
[Source "ChessBase"]
[SourceDate "2012.11.22"]
[SourceVersion "1"]
[SourceVersionDate "2012.11.22"]
[SourceQuality "1"]
[WhiteTeam "Umea Rockaden"]
[BlackTeam "Umea Rockaden"]
[WhiteTeamCountry "SWE"]
[BlackTeamCountry "SWE"]

1. d4 d5 2. Nf3 c6 3. g3 Bf5 4. Bg2 e6 5. 0-0 Nd7 6. Nbd2 Ngf6 7. c4 h6 8. b3 Bd6 9. Bb2 Qb8 10. Qc1 0-0 11. Re1 Bh7 12. Qc3 b5 13. c5 Bc7 14. b4 a5 15. a3 Ne4 16. Nxe4 Bxe4 17. Ne5 Nxe5 18. dxe5 Bxg2 19. Kxg2 f6 20. exf6 Rxf6 21. e4 Qf8 22. Qe3 Rg6 23. exd5 exd5 24. Qe7 Qxe7 25. Rxe7 Bf4 26. bxa5 Bg5 27. Rb7 Bf6 28. Bxf6 Rxf6 29. Re1 Rxa5 30. Ree7 Rg6 31. h4 h5 32. Rb8+ Kh7 33. Re5 Rh6 34. Rb7 Rxa3 35. Rg5 Rg6 36. Rxh5+ Kg8 37. Rb6 Rf6 38. f4 Rc3 39. Rg5 Rc2+ 40. Kf3 Rxc5 41. h5 Rc3+ 42. Kg4 Re3 43. Rg6 Ree6 44. f5 Re7 45. Rxc6 Rxc6 46. Rxc6 Rb7 47. Rc3 b4 48. Rb3 Kf7 49. Kf4 Kf6 50. g4 d4 51. g5+ Ke7 52. f6+ Kf7 53. fxg7 Kxg7 54. Ke4 Rb5 55. h6+ Kg6 56. Kxd4 Rxg5 57. Rxb4 Rg4+ 1/2-1/2